000 00893nam a22002777a 4500
001 BR7801407
003 BR-BrBNA
005 20230928085538.0
007 ta
008 230509b bl.||||| |||| 00| 0 por d
040 _aBR-BrBNA
_bpor
_cBiblioteca Nacional de Agricultura
041 _a(Por)
072 _aH20
_b4120
_b3877
090 _ 4120 BR7801407
100 1 _aVale, F.X.R. do
110 1 _aUniversidade Federal de Vicosa, MG (Brasil)
_0Tese (Magister Scientiae)
245 1 _aEfeito de inseticidas fosforados e clorofosforados sobre Hemileia vastatrix Berk. et Br. e Uromyces phaseoli var. typica Arth [Ferrugem]
260 3 _aVicosa, MG (Brasil):
_c1977.
300 _a70 p.
500 _a31 tables; 21 ref.; Summary (Por)
650 _aFerrugem
650 _aInseticida fosforado
650 _aInseticida clorado
909 _a202309
_bLucia
_c55
_dLucia Elande
942 _cBK
999 _c25015
_d25015